Online
Catalog

Sucesos extraños alrededor de una casa / (Record no. 15145)

MARC details
000 -CABECERA
campo de control de longitud fija 00742nam a2200229 a 4500
001 - NÚMERO DE CONTROL
campo de control 000015590
005 - FECHA Y HORA DE LA ÚLTIMA TRANSACCIÓN
campo de control 20240530073918.0
008 - DATOS DE LONGITUD FIJA--INFORMACIÓN GENERAL
campo de control de longitud fija 100215s2002 dr 000 f spa d
020 ## - NÚMERO INTERNACIONAL ESTÁNDAR DEL LIBRO
Número Internacional Estándar del Libro 9993402990
040 ## - FUENTE DE LA CATALOGACIÓN
Centro catalogador/agencia de origen DO-SdBNP
Lengua de catalogación spa
Centro/agencia transcriptor BNPHU
082 ## - NÚMERO DE LA CLASIFICACIÓN DECIMAL DEWEY
Número de clasificación RD863.44
Número de documento/Ítem M385s, 2002
100 1# - ENTRADA PRINCIPAL--NOMBRE DE PERSONA
Nombre de persona Martínez Montero, Juan
9 (RLIN) 12225
245 10 - MENCIÓN DE TÍTULO
Título Sucesos extraños alrededor de una casa /
Mención de responsabilidad, etc. Juan Martínez Montero.
250 ## - MENCIÓN DE EDICIÓN
Mención de edición 2a ed.
260 ## - PUBLICACIÓN, DISTRIBUCIÓN, ETC.
Lugar de publicación, distribución, etc. Santo Domingo :
Nombre del editor, distribuidor, etc. Cocolo,
Fecha de publicación, distribución, etc. 2002.
300 ## - DESCRIPCIÓN FÍSICA
Extensión 68 p. ;
Dimensiones 22 cm.
500 ## - NOTA GENERAL
Nota general Incluye breve biografía del autor en la solapa de la cubierta
590 ## - NOTA LOCAL (RLIN)
Nota local Inventariado, 2018/LP
650 #0 - PUNTO DE ACCESO ADICIONAL DE MATERIA--TÉRMINO DE MATERIA
Término de materia o nombre geográfico como elemento de entrada Novela dominicana
9 (RLIN) 223
650 #0 - PUNTO DE ACCESO ADICIONAL DE MATERIA--TÉRMINO DE MATERIA
Término de materia o nombre geográfico como elemento de entrada Literatura dominicana.
9 (RLIN) 67
910 ## - DATOS DE OPCIÓN DEL USUARIO (OCLC)
Datos de opción del usuario Validado. Control de calidad MFF
Holdings
Estado de retiro Estado de pérdida No para préstamo Código de colección Localización permanente Ubicación/localización actual Ubicación en estantería Fecha de adquisición Número de inventario Total de préstamos Signatura topográfica completa Código de barras Fecha visto por última vez Precio válido a partir de Tipo de ítem Koha Número de copia
    Excluido de préstamo Patrimonio Dominicano Patrimonio Dominicano Patrimonio Dominicano Depósito 15.02.2010 LF1   RD863.44 M385s, 2002 15590-10 25.06.2020 25.06.2020 Libro y Folleto Colección Patrimonio Dominicano  
    Excluido de préstamo Patrimonio Dominicano Patrimonio Dominicano Patrimonio Dominicano Depósito 15.02.2010 LF1   RD863.44 M385s, 2002 15590-20 25.06.2020 25.06.2020 Libro y Folleto Colección Patrimonio Dominicano e. 2

Powered by Koha